Bibelquiz - Statistiken

Allgemein
  • Dieses Quiz wurde 996 mal gespielt
    983 seit der letzten Aktualisierung
  • Das Durchschnittsergebnis liegt bei 34 aus 66
Antwortstatistiken
Antwort % Korrekt
1. Mose
89%
2. Mose
88%
Johannes
87%
Lukas
86%
3. Mose
83%
4. Mose
83%
Matthäus
83%
Markus
81%
5. Mose
80%
Offenbarung
67%
Psalmen
63%
Römer
63%
Apostelgeschichte
60%
Rut
60%
1. Könige
57%
2. Könige
57%
Jesaja
57%
Sprüche
57%
1. Korinther
56%
2. Korinther
56%
Hiob
56%
Jeremia
56%
Josua
53%
1. Johannes
52%
1. Samuel
52%
2. Johannes
52%
2. Samuel
52%
Judas
51%
Richter
51%
1. Chronik
48%
2. Chronik
48%
Ester
48%
Epheser
47%
3. Johannes
46%
Galater
46%
1. Petrus
45%
2. Petrus
45%
Daniel
45%
Jona
45%
Esra
44%
Hohelied
44%
Nehemia
44%
Philipper
43%
Hebräer
42%
Jakobus
41%
1. Thessalonicher
40%
Kolosser
40%
Prediger
40%
1. Timotheus
39%
2. Thessalonicher
39%
2. Timotheus
39%
Hesekiel
39%
Klagelieder
39%
Micha
39%
Titus
39%
Maleachi
38%
Habakuk
37%
Philemon
37%
Amos
36%
Obadja
36%
Joel
33%
Nahum
33%
Sacharja
32%
Zefanja
32%
Haggai
31%
Hosea
31%
Keine übereinstimmenden Quizze gefunden
Verteilung der Resultate
Anzahl Personen mit jedem Resultat
Perzentil nach korrekt beantworteten Fragen
Ihre Resultats-Entwicklung
Sie haben dieses Quiz seit der letzten Aktualisierung nicht gespielt